| 000 | 00000nam##2200000za#4500 |
| 001 | 9.640917 |
| 003 | CaOODSP |
| 005 | 20210624222913 |
| 007 | cr ||||||||||| |
| 008 | 150407|2005||||xxc|||||o f|0| 0 fre|d |
| 040 | |aCaOODSP|bfre |
| 043 | |an-cn--- |
| 086 | 1 |aD69-10/2005F-PDF |
| 110 | 1 |aCanada. |bR et D pour la défense Canada. |
| 245 | 10|aProjets d'acquisition des technologies : |h[ressource électronique]|brenforcement de capacité opérationnelle 2002-2005 |
| 260 | |aOttawa - Ontario : |bRecherche et développement pour la Défense Canada |c[2005]. |
| 300 | |a53p.|bfigures, graphiques |
| 590 | |a12-41-Supp|b2012-11-07 |
| 691 | 07|aTerrorisme|2gcpds |
| 691 | 07|aTechnologie militaire|2gcpds |
| 775 | 08|tTechnology acquisition projects : |w(CaOODSP)9.696814 |
| 856 | 40|ahttp://publications.gc.ca|qPDF|s3.2 Mo|uhttps://publications.gc.ca/collections/collection_2012/rddc-drdc/D69-10-2005-fra.pdf |
| 986 | |aSMA(AP) DMSC CS05-0281-A |